00438nam a22000977a 4500008004100000100003200041245012300073260005500196300003700251650005200288200415b ||||| |||| 00| 0 eng d aUnited Republic of Tanzania aNational Sample Census of Agriculture 2002/2003bSmall Holder AgriculturecThe United of Republic of TanzaniahEnglish aDar Es SalaambNational Bureau of Statisticsc2006 axviii, 354p.bIllustrationc30cm 2National Sample Census of Agriculture 2002/2003